[Event "57th Biel Rapid Open"]
[Site "Biel SUI"]
[Date "2024.07.14"]
[Round "8.41"]
[White "Rahimi, Hamid"]
[Black "Pappier, Carlos"]
[Result "0-1"]
[WhiteElo "1740"]
[BlackElo "2202"]
[WhiteFideId "1344838"]
[BlackFideId "102598"]
[EventDate "2024.07.14"]
[EventType "swiss"]

1. d4 d5 2. Nf3 c6 3. c4 Bf5 4. Nc3 e6 5. e3 Nf6 6. Qb3 Qb6 7. c5 Qc7 8. Bd2 b6
9. cxb6 axb6 10. Rc1 Be7 11. Be2 O-O 12. h3 Nbd7 13. Nh4 Bg6 14. Nxg6 hxg6 15.
O-O c5 16. Bf3 c4 17. Qd1 b5 18. a3 Rfc8 19. Re1 Qc6 20. Qe2 Nb6 21. Qd1 Ne4 22.
Bxe4 dxe4 23. Qg4 f5 24. Qxg6 Rf8 0-1

[Event "57th Biel Rapid Open"]
[Site "Biel SUI"]
[Date "2024.07.14"]
[Round "8.42"]
[White "Stebahne, Olaf"]
[Black "Doxarve, Nils"]
[Result "1/2-1/2"]
[WhiteElo "1897"]
[BlackElo "1999"]
[WhiteFideId "24600270"]
[BlackFideId "1340000"]
[EventDate "2024.07.14"]
[EventType "swiss"]

1. c4 e5 2. Nc3 Nf6 3. d3 d5 4. cxd5 Nxd5 5. Bd2 c6 6. g3 Bc5 7. Nf3 Qe7 8. Bg2
O-O 9. O-O Nd7 10. Rc1 Bb6 11. Ne4 h6 12. Nh4 N7f6 13. a3 a5 14. Nc3 Nxc3 15.
Bxc3 Nd5 16. e3 Re8 17. Qe2 Qg5 18. Bd2 Bg4 19. Qe1 Qe7 20. Bc3 a4 21. Nf3 Bc7
22. Nd2 Rad8 23. d4 Nxc3 24. bxc3 Qxa3 25. Nc4 Qe7 26. Ra1 e4 27. Rxa4 b5 28.
Ra6 bxc4 29. Rxc6 Bf3 30. Rxc4 Rc8 31. Qd2 Ba5 32. Rxc8 Rxc8 33. Rc1 Qa3 34.
Bxf3 exf3 35. Qd1 Rxc3 36. Rxc3 Qxc3 37. Qxf3 Qc7 38. Kg2 Bb4 39. Qa8+ Bf8 40.
d5 Qe5 41. Qc6 g6 42. Qc4 Bd6 43. f3 Qxe3 44. Qe4 Qd2+ 45. Kh3 Qg5 46. f4 Qf5+
47. Qxf5 gxf5 48. Kg2 Kg7 49. Kf3 h5 50. h3 Kf6 51. Ke3 Bc5+ 52. Kf3 Bd4 53. Ke2
Bc5 54. Kf3 Kg6 55. Ke2 h4 56. g4 fxg4 57. hxg4 f5 58. Kf3 h3 59. gxf5+ Kxf5 60.
Kg3 Bd6 61. Kxh3 Bxf4 62. Kg2 Ke5 63. Kf3 Kxd5 1/2-1/2

[Event "57th Biel Rapid Open"]
[Site "Biel SUI"]
[Date "2024.07.14"]
[Round "8.43"]
[White "Zarriess, Benjamin"]
[Black "Hauser, Armando"]
[Result "0-1"]
[WhiteElo "1767"]
[BlackElo "1840"]
[WhiteFideId "34606645"]
[BlackFideId "1340514"]
[EventDate "2024.07.14"]
[EventType "swiss"]

1. e4 e5 2. Nf3 Nc6 3. Nc3 Nf6 4. d4 exd4 5. Nxd4 Bc5 6. Be3 Bb6 7. Qd2 d6 8. f3
O-O 9. O-O-O Qe7 10. g4 Nxd4 11. Bxd4 Be6 12. h4 Nd7 13. Be2 Ne5 14. h5 Bxd4 15.
Qxd4 a6 16. h6 gxh6 17. Kb1 Qg5 18. Rh5 Qf6 19. Qe3 Ng6 20. Qxh6 Qg7 21. Rdh1
Qxh6 22. Rxh6 Kg7 23. Rxh7+ Kf6 24. R7h6 Rh8 25. Rxh8 Rxh8 26. Rxh8 Nxh8 27. Kc1
Ng6 28. Kd2 Ke5 29. Ke3 Nf4 30. Bd3 Ng2+ 31. Kf2 Nf4 32. a3 b5 33. Ne2 c5 34.
Kg3 Nxe2+ 35. Bxe2 d5 36. exd5 Bxd5 37. f4+ Kf6 38. Bf3 Ba2 39. Be4 b4 40. g5+
Kg7 41. Kg4 Bb1 42. Kf5 a5 43. Ke5 Ba2 44. Kd6 c4 45. Kc5 c3 46. axb4 cxb2 47.
c3 axb4 48. cxb4 b1=Q 49. Bxb1 Bxb1 50. b5 Be4 51. b6 Kg6 52. Kd4 Kf5 53. Ke3
Bb7 54. Kd4 Kxf4 55. Kc5 Kxg5 56. Kd6 f5 57. Kc7 Be4 0-1

[Event "57th Biel Rapid Open"]
[Site "Biel SUI"]
[Date "2024.07.14"]
[Round "8.44"]
[White "King, Alexander"]
[Black "Haas, Anthony"]
[Result "1-0"]
[WhiteElo "1935"]
[BlackElo "1824"]
[WhiteFideId "1352334"]
[BlackFideId "1346407"]
[EventDate "2024.07.14"]
[EventType "swiss"]

1. d4 d5 2. c4 e6 3. Nc3 Nf6 4. cxd5 exd5 5. Bg5 Be7 6. e3 c6 7. Bd3 O-O 8. Qc2
Nbd7 9. Nf3 Re8 10. O-O g6 11. Bf4 Nf8 12. Rab1 Ne6 13. Be5 Ng7 14. b4 Bf5 15.
b5 Bxd3 16. Qxd3 Ne6 17. bxc6 bxc6 18. Rfc1 Bd6 19. Na4 Rc8 20. Qa6 Qd7 21. Bxf6
Ba3 22. Rb7 Nc7 23. Qxc6 Na6 24. Rxd7 Rxc6 25. Rxc6 Nb8 26. Rcc7 Nxd7 27. Rxd7
Rc8 28. Rd8+ Rxd8 29. Bxd8 h5 30. Nc3 h4 31. Bxh4 a5 32. Nxd5 Kf8 33. Ne5 a4 34.
Nxg6+ Kg8 35. Ne5 Bd6 36. Nc4 Bb8 37. Nc3 a3 38. Nxa3 f5 39. Nc4 f4 40. d5 fxe3
41. fxe3 Kf8 42. d6 Ke8 43. Nb6 Bxd6 44. a4 Bb4 45. Ncd5 Ba5 46. Nc4 Kd7 47.
Nxa5 Kc8 48. g4 Kb8 49. Nc6+ Ka8 50. g5 Kb7 51. g6 Ka6 52. g7 Kb7 53. g8=R Ka6
54. e4 Kb7 55. e5 Ka6 56. e6 Kb7 57. e7 Ka6 58. e8=R Kb7 59. a5 Ka6 60. Ra8+ Kb7
61. Rgb8+ Kxc6 62. Rb6+ Kd7 63. Ra7+ Kc8 64. Ne7+ Kd8 65. Nc6+ Kc8 66. Rb8# 1-0

[Event "57th Biel Rapid Open"]
[Site "Biel SUI"]
[Date "2024.07.14"]
[Round "8.45"]
[White "Mani, Thomas"]
[Black "Chappaz, Max"]
[Result "0-1"]
[WhiteElo "1839"]
[BlackElo "1854"]
[WhiteFideId "1326783"]
[BlackFideId "1351567"]
[EventDate "2024.07.14"]
[EventType "swiss"]

1. d4 Nf6 2. Nf3 c5 3. c3 e6 4. g3 d5 5. Bg2 Be7 6. O-O O-O 7. b3 Nc6 8. Bb2
cxd4 9. cxd4 b5 10. Nbd2 a5 11. Rc1 Bb7 12. Ne5 Rc8 13. Ndf3 Ne4 14. Qd3 f6 15.
Nxc6 Bxc6 16. Bh3 Qd6 17. Nd2 Nxd2 18. Qxd2 f5 19. Qxa5 Ra8 20. Qb6 Rfc8 21. a3
Qd7 22. Rc2 Bd8 23. Qc5 Bb7 24. Rfc1 Rxc5 25. dxc5 Bc6 26. Rd1 Bf6 27. Bc1 g5
28. Bg2 d4 29. f3 e5 30. e3 d3 31. e4 fxe4 32. fxe4 Qd4+ 33. Kf1 Bxe4 34. Bxe4
Qxe4 35. Rf2 Rf8 36. Kg1 Be7 0-1

[Event "57th Biel Rapid Open"]
[Site "Biel SUI"]
[Date "2024.07.14"]
[Round "8.46"]
[White "Bachmann, Daniel"]
[Black "Jaggy, Enzo"]
[Result "1-0"]
[WhiteElo "1713"]
[BlackElo "1835"]
[WhiteFideId "1357492"]
[BlackFideId "1344919"]
[EventDate "2024.07.14"]
[EventType "swiss"]

1. e4 e6 2. d4 d5 3. e5 c5 4. c3 Nc6 5. Nf3 Qb6 6. Bd3 Bd7 7. dxc5 Bxc5 8. O-O
a5 9. Nbd2 Nge7 10. Nb3 Ng6 11. Nxc5 Qxc5 12. Be3 Qe7 13. Bg5 f6 14. exf6 gxf6
15. Be3 Qf7 16. c4 Nge5 17. cxd5 exd5 18. Bc2 Qg7 19. Qxd5 Bh3 20. Nxe5 fxe5 21.
Ba4 Rc8 22. Rad1 Rg8 23. Bxc6+ bxc6 24. Qf3 Bxg2 25. Qh5+ Qg6 26. Qxe5+ Kf8 27.
Bc5+ Kf7 28. Qe7# 1-0

[Event "57th Biel Rapid Open"]
[Site "Biel SUI"]
[Date "2024.07.14"]
[Round "8.47"]
[White "Papaux, Jeremie"]
[Black "Rajendiram, Rajithan"]
[Result "1-0"]
[WhiteElo "1808"]
[BlackElo "1560"]
[WhiteFideId "1340867"]
[BlackFideId "1341987"]
[EventDate "2024.07.14"]
[EventType "swiss"]

1. Nf3 Nf6 2. c4 c5 3. Nc3 g6 4. e3 Bg7 5. d4 cxd4 6. exd4 O-O 7. d5 d6 8. h3 b6
9. Be3 Bb7 10. Qd2 Nbd7 11. Bd3 Re8 12. O-O Nc5 13. Nd4 Bc8 14. Nc6 Qc7 15. b4
Nb7 16. Bh6 Bd7 17. Bxg7 Kxg7 18. Nb5 Qd8 19. Nxd8 Rexd8 20. Rfe1 a6 21. Nd4 e5
22. dxe6 1-0

[Event "57th Biel Rapid Open"]
[Site "Biel SUI"]
[Date "2024.07.14"]
[Round "8.49"]
[White "Paholok, Igor"]
[Black "Villiger, Jan"]
[Result "0-1"]
[WhiteElo "1801"]
[BlackElo "1805"]
[WhiteFideId "1338951"]
[BlackFideId "1340891"]
[EventDate "2024.07.14"]
[EventType "swiss"]

1. d4 Nf6 2. Nf3 g6 3. e3 Bg7 4. Bd3 d5 5. c3 O-O 6. Nbd2 Nbd7 7. Ne5 Nxe5 8.
dxe5 Nd7 9. f4 e6 10. O-O c5 11. Nf3 b6 12. e4 Bb7 13. exd5 Bxd5 14. Qe2 Qe7 15.
Be4 Bxe4 16. Qxe4 Rac8 17. Be3 Rfd8 18. Nd2 Nb8 19. Nc4 f5 20. Qf3 Na6 21. Rfd1
Nc7 22. Rxd8+ Rxd8 23. Rd1 Rxd1+ 24. Qxd1 Ne8 25. Qf3 Qd7 26. Qa8 Bf8 27. Kf2
Kf7 28. h4 Be7 29. g3 Qd5 30. Qxd5 exd5 31. Na3 Nc7 32. Nc2 Ne6 33. Kf3 h5 34.
a4 Ke8 35. Na3 Kd7 36. Nb5 a6 37. Na3 Kc6 38. Ke2 d4 39. Bf2 dxc3 40. bxc3 b5
41. axb5+ axb5 42. Nc2 b4 43. cxb4 cxb4 44. Kd3 Kd5 45. Na1 Nc5+ 46. Kc2 Ne4 0-1

[Event "57th Biel Rapid Open"]
[Site "Biel SUI"]
[Date "2024.07.14"]
[Round "8.50"]
[White "Boyer, Jean-Francois"]
[Black "Materia, Matteo"]
[Result "0-1"]
[WhiteElo "1742"]
[BlackElo "1860"]
[WhiteFideId "650226"]
[BlackFideId "45150575"]
[EventDate "2024.07.14"]
[EventType "swiss"]

1. e4 e5 2. Nf3 Nc6 3. d4 exd4 4. Nxd4 Nf6 5. Nxc6 bxc6 6. Nc3 Bb4 7. Bd3 O-O 8.
O-O d5 9. exd5 cxd5 10. Bg5 Be7 11. Re1 Be6 12. Rb1 c5 13. h3 h6 14. Bf4 d4 15.
Ne4 Bxa2 16. Ra1 Bd5 17. Nxf6+ Bxf6 18. Bxh6 c4 19. Bf5 gxh6 20. Qg4+ Bg7 21.
Ra6 Qg5 22. Qxg5 hxg5 23. Re7 Be6 24. Bxe6 fxe6 25. Raxe6 Rf7 26. Re8+ Rxe8 27.
Rxe8+ Kh7 28. Rc8 c3 29. b4 Rb7 30. Rc4 Be5 31. Kf1 Kg6 32. Ke2 Kf5 33. Kf3 Rc7
34. Rxc7 Bxc7 35. g4+ Ke5 36. Ke2 a6 37. Kd3 Bd6 0-1

[Event "57th Biel Rapid Open"]
[Site "Biel SUI"]
[Date "2024.07.14"]
[Round "8.51"]
[White "Ademi, Rexhe"]
[Black "Parlak, Selahattin"]
[Result "0-1"]
[WhiteElo "1635"]
[BlackElo "1805"]
[WhiteFideId "1350366"]
[BlackFideId "1338625"]
[EventDate "2024.07.14"]
[EventType "swiss"]

1. Nf3 d5 2. c3 c5 3. d3 Nf6 4. g3 Nc6 5. Bg2 e5 6. Bg5 Be7 7. O-O Be6 8. Nbd2
Qd7 9. Bxf6 gxf6 10. c4 d4 11. Qa4 Bh3 12. Nh4 Bxg2 13. Kxg2 f5 14. Nhf3 Qe6 15.
Qb5 O-O-O 16. a4 h5 17. h4 Rhg8 18. Rg1 e4 19. dxe4 fxe4 20. Ng5 Bxg5 21. hxg5
Rxg5 22. Rh1 Qg4 23. Rh4 Qxh4 24. a5 a6 25. Qb6 Qg4 26. Ra3 Qxe2 27. Rb3 Rd7 28.
Nf1 h4 29. Ne3 Qf3+ 30. Kf1 hxg3 31. Ng4 d3 32. Ke1 Qe2# 0-1

[Event "57th Biel Rapid Open"]
[Site "Biel SUI"]
[Date "2024.07.14"]
[Round "8.52"]
[White "Jordan, Christina"]
[Black "Spagnoli, Benjamin"]
[Result "0-1"]
[WhiteElo "1749"]
[BlackElo "1847"]
[WhiteFideId "1347977"]
[BlackFideId "20667116"]
[EventDate "2024.07.14"]
[EventType "swiss"]

1. e4 c6 2. Nc3 d5 3. Nf3 dxe4 4. Nxe4 Nf6 5. Qe2 e6 6. d4 Be7 7. Bf4 O-O 8.
O-O-O Qa5 9. Kb1 Nbd7 10. Ne5 Nxe4 11. Qxe4 Nf6 12. Qf3 c5 13. Nc4 Qa4 14. dxc5
Bd7 15. Ne5 Bc6 16. Nxc6 bxc6 17. Be3 Rab8 18. b3 Nd5 19. Bd4 Qa3 20. Qg3 g6 21.
Bb2 Qxc5 22. Bc4 Nb6 23. Qc3 e5 24. b4 Qxc4 25. Qxe5 f6 26. Qxe7 Nd5 27. Qe6+
Rf7 28. Qd6 Rxb4 29. Ka1 Nc3 30. Qd8+ Kg7 31. Qa5 Ra4 32. Qxa4 Nxa4 33. Rd4 Qxc2
34. Rb4 Nxb2 35. Rxb2 Qc3 36. Kb1 a5 37. Rc1 Qd3+ 38. Ka1 a4 39. Rbc2 a3 40. Rc3
Qd4 41. Kb1 Rb7+ 42. Ka1 Qxf2 43. R3c2 Qd4+ 44. Rc3 Rb4 45. h3 Rc4 46. Kb1 Rxc3
47. Rxc3 Qxc3 48. g3 Qb2# 0-1

[Event "57th Biel Rapid Open"]
[Site "Biel SUI"]
[Date "2024.07.14"]
[Round "8.55"]
[White "Materia, Mario"]
[Black "Mutter, Kevin"]
[Result "1-0"]
[WhiteElo "1590"]
[BlackElo "1856"]
[WhiteFideId "651082241"]
[BlackFideId "1327240"]
[EventDate "2024.07.14"]
[EventType "swiss"]

1. d4 Nf6 2. c4 e6 3. Nc3 c5 4. d5 exd5 5. cxd5 d6 6. e4 a6 7. a4 g6 8. Bd3 Bg7
9. Nf3 O-O 10. O-O Bg4 11. Bd2 Nbd7 12. h3 Bxf3 13. Qxf3 Ne5 14. Qe2 Nxd3 15.
Qxd3 Re8 16. f3 Qb6 17. Qc2 Nh5 18. a5 Qa7 19. Na4 Ng3 20. Rfe1 c4+ 21. Be3 Bd4
22. Nb6 Bxe3+ 23. Rxe3 Rac8 24. Rae1 Rc5 25. Kh2 Rxa5 26. Nxc4 Rc5 27. Kxg3 b5
28. b3 bxc4 29. bxc4 Rec8 30. Rc3 Qe7 31. f4 g5 32. fxg5 Qxg5+ 33. Kh2 Qe5+ 34.
g3 Qd4 35. Rc1 a5 36. Rd1 Qe5 37. Rd2 Kh8 38. Rf2 f6 39. Rf5 Qd4 40. Qd3 Qxd3
41. Rxd3 Rxc4 42. Rxf6 Rxe4 43. Re6 Rc2+ 44. Kg1 Rb4 45. Rd1 Rb6 46. Re8+ Kg7
47. Ra8 Rc5 48. Kf2 Kf6 49. Re8 Kf7 50. Re4 Ra6 51. Ra4 Kf6 52. Ke3 Ke5 53. Re4+
Kf5 54. g4+ Kg5 55. Ra4 Kh4 56. Ke4 Kxh3 57. Rh1+ Kxg4 58. Rxh7 Rb5 59. Rg7+ Kh5
60. Kf5 Rxd5+ 61. Ke6 Re5+ 62. Kf6 Kh6 63. Rh4+ Rh5 64. Rg6+ 1-0

[Event "57th Biel Rapid Open"]
[Site "Biel SUI"]
[Date "2024.07.14"]
[Round "9.1"]
[White "Madaminov, Mukhiddin"]
[Black "Macovei, Andrei"]
[Result "1-0"]
[WhiteTitle "IM"]
[BlackTitle "IM"]
[WhiteElo "2512"]
[BlackElo "2479"]
[WhiteFideId "14210703"]
[BlackFideId "13904680"]
[EventDate "2024.07.14"]
[EventType "swiss"]

1. e4 c6 2. Nf3 d5 3. Nc3 dxe4 4. Nxe4 Nf6 5. Qe2 Nxe4 6. Qxe4 Nd7 7. Bc4 Nf6 8.
Ne5 e6 9. Qe2 b5 10. Bd3 Bd6 11. a4 Qc7 12. Nxc6 b4 13. Nd4 a6 14. Nf5 Be5 15.
Nxg7+ Kf8 16. Nh5 Nxh5 17. Qxh5 Bb7 18. Be2 Rg8 19. Bf3 f5 20. d4 Bxd4 21. Bh6+
Bg7 22. Bxb7 Qxb7 23. O-O Rc8 24. Rfe1 Qf7 25. Qh4 a5 26. Rad1 Bxh6 27. Qxh6+
Ke7 28. Qh4+ Kf8 29. Qh6+ Ke7 30. Qf4 Rc6 31. g3 Rg4 32. Qb8 Kf6 33. Rd8 Kg6 34.
Rg8+ Kh5 35. Rxg4 Kxg4 36. Qf4+ Kh5 37. Qf3+ 1-0

[Event "57th Biel Rapid Open"]
[Site "Biel SUI"]
[Date "2024.07.14"]
[Round "9.2"]
[White "Gan-Erdene, Sugar"]
[Black "Assaubayeva, Bibisara"]
[Result "1/2-1/2"]
[WhiteTitle "IM"]
[BlackTitle "IM"]
[WhiteElo "2407"]
[BlackElo "2472"]
[WhiteFideId "4902980"]
[BlackFideId "13708694"]
[EventDate "2024.07.14"]
[EventType "swiss"]

1. e4 c5 2. Nf3 d6 3. d4 cxd4 4. Nxd4 Nf6 5. Nc3 a6 6. Nb3 Nbd7 7. Be3 b5 8. a4
b4 9. Nd5 e6 10. Nxf6+ Nxf6 11. Qd4 Be7 12. Bd3 O-O 13. Qxb4 d5 14. Bc5 Bxc5 15.
Nxc5 Qd6 16. Nxa6 Qf4 17. Nc5 Ng4 18. Qd2 Qe5 19. h3 Nf6 20. Qc3 d4 21. Qa3 Nd7
22. Nxd7 Bxd7 23. O-O Bxa4 24. f4 Qb8 25. b3 Bc6 26. Qc5 Rxa1 27. Rxa1 Rc8 28.
Ba6 Bb7 29. Qb6 Bxa6 30. Qxb8 Rxb8 31. Rxa6 h5 32. Ra4 d3 33. cxd3 Rxb3 34. Rd4
Rb2 35. Rd7 Kf8 36. Kf1 Ke8 37. Rd4 h4 38. e5 Rd2 39. Rd6 Ke7 40. Rd4 g6 41. Kg1
Ke8 42. Kf1 Ke7 43. Kg1 Ke8 44. Kf1 Ke7 1/2-1/2

[Event "57th Biel Rapid Open"]
[Site "Biel SUI"]
[Date "2024.07.14"]
[Round "9.3"]
[White "Chinguun, Sumiya"]
[Black "Materia, Marco"]
[Result "1/2-1/2"]
[WhiteTitle "FM"]
[BlackTitle "IM"]
[WhiteElo "2377"]
[BlackElo "2453"]
[WhiteFideId "4902572"]
[BlackFideId "45150451"]
[EventDate "2024.07.14"]
[EventType "swiss"]

1. e4 c5 2. Nc3 e6 3. f4 d5 4. Nf3 dxe4 5. Nxe4 Be7 6. Bb5+ Bd7 7. Qe2 Nf6 8.
Nxf6+ Bxf6 9. Bxd7+ Qxd7 10. f5 Nc6 11. fxe6 Qxe6 12. Qxe6+ fxe6 13. O-O O-O 14.
d3 b6 15. a3 Rad8 16. Rb1 Nd4 17. Rf2 Nxf3+ 18. Rxf3 Bd4+ 19. Kf1 Rxf3+ 20. gxf3
Be5 21. Bg5 Rd5 22. h4 h6 23. Be3 Bf6 24. b4 Rf5 25. bxc5 bxc5 26. Ke2 Bxh4 27.
Rb5 Be7 28. Rb7 Bg5 29. Bf2 Re5+ 30. Kf1 a5 31. Rb5 Rf5 32. Rxa5 Rxf3 33. Kg2
Rf7 34. Bxc5 Rc7 35. c4 Rd7 36. d4 Bf6 37. Ra7 Rd8 38. Bb6 Bxd4 39. Rxg7+ Kxg7
40. Bxd8 Kf7 41. a4 Ke8 42. Ba5 Kd7 43. Kf3 Kc6 44. Bb4 h5 45. a5 Bf6 46. Bd2
Bd8 47. a6 Bb6 48. Be1 Ba7 49. Ke4 Kb6 50. Ke5 Kxa6 51. Kxe6 Kb7 52. Kf5 Kc6 53.
Kg6 Kc5 54. Kxh5 Kxc4 1/2-1/2

[Event "57th Biel Rapid Open"]
[Site "Biel SUI"]
[Date "2024.07.14"]
[Round "9.4"]
[White "Sukandar, Irine Kharisma"]
[Black "Moiseenko, Alexander"]
[Result "1-0"]
[WhiteTitle "IM"]
[BlackTitle "GM"]
[WhiteElo "2338"]
[BlackElo "2570"]
[WhiteFideId "7101937"]
[BlackFideId "14102560"]
[EventDate "2024.07.14"]
[EventType "swiss"]

1. d4 Nf6 2. Bf4 e6 3. e3 Be7 4. c4 b6 5. Nc3 Bb7 6. Nf3 Nh5 7. Bg3 d6 8. Bd3
Nd7 9. Qc2 g6 10. Be4 c6 11. Bd3 O-O 12. O-O Nxg3 13. hxg3 d5 14. e4 dxc4 15.
Bxc4 b5 16. Be2 b4 17. Na4 c5 18. dxc5 Rc8 19. Rfd1 Qc7 20. Rac1 Nxc5 21. Nxc5
Bxc5 22. Kf1 Qb6 23. Bc4 Be3 24. fxe3 Rxc4 25. Qxc4 Ba6 26. Kf2 Bxc4 27. Rxc4
Qa6 28. Rxb4 Rc8 29. a3 Rc2+ 30. Rd2 Rc1 31. g4 Rf1+ 32. Kg3 Qc8 33. e5 Kg7 34.
g5 Qc5 35. Rf4 Qc7 36. b4 h6 37. gxh6+ Kxh6 38. Rdd4 Kg7 39. a4 Ra1 40. Rc4 Qe7
41. b5 Ra3 42. Kf2 Ra2+ 43. Kg3 Qd8 44. Rcd4 Qc7 45. Rc4 Qe7 46. Rcd4 Ra3 47.
Kf2 Qc5 48. Rd7 Qf8 49. Ng5 Qc8 50. Nxe6+ Kh7 51. Rh4+ Kg8 52. Rd8+ Qxd8 53.
Nxd8 Kf8 54. Nc6 Kg7 55. Nxa7 g5 56. Rb4 Kg6 57. b6 1-0

[Event "57th Biel Rapid Open"]
[Site "Biel SUI"]
[Date "2024.07.14"]
[Round "9.5"]
[White "Munkhzul, Turmunkh"]
[Black "Sadorra, Julio Catalino"]
[Result "0-1"]
[WhiteTitle "WGM"]
[BlackTitle "GM"]
[WhiteElo "2250"]
[BlackElo "2542"]
[WhiteFideId "4901878"]
[BlackFideId "5201268"]
[EventDate "2024.07.14"]
[EventType "swiss"]

1. e4 e6 2. d4 d5 3. exd5 exd5 4. Nf3 Bd6 5. Bd3 Nc6 6. c3 Nge7 7. O-O Bg4 8. b4
Qd7 9. a4 O-O 10. Bg5 Ng6 11. Nbd2 f6 12. Be3 Nh4 13. h3 Nxg2 14. hxg4 Qxg4 15.
Bxh7+ Kh8 16. Ne5 Qh3 17. Qf3 Qxh7 18. Kxg2 fxe5 19. Rh1 Rxf3 20. Nxf3 e4 21.
Ng5 Qxh1+ 22. Rxh1+ Kg8 23. Kf1 a5 24. b5 Ne7 25. Ke2 Nf5 26. Bd2 Re8 27. Rg1
Kf8 28. Nh3 Kf7 29. Ng5+ Kf6 30. Nh7+ Kf7 31. Ng5+ Ke7 32. Rh1 Kf6 33. Rh3 Kg6
34. Bc1 c6 35. b6 c5 36. dxc5 Bxc5 37. Bf4 Bxb6 38. Rh1 e3 39. f3 Bd8 40. Nh3
Bf6 41. Rd1 Bxc3 42. Rxd5 Nd4+ 43. Kd3 e2 44. Bg3 Nf5 45. Nf4+ Kf6 46. Nxe2 Re3+
47. Kc4 Rxe2 0-1

[Event "57th Biel Rapid Open"]
[Site "Biel SUI"]
[Date "2024.07.14"]
[Round "9.6"]
[White "Gloeckler, Christian"]
[Black "Harsha, Bharathakoti"]
[Result "0-1"]
[WhiteTitle "FM"]
[BlackTitle "GM"]
[WhiteElo "2304"]
[BlackElo "2569"]
[WhiteFideId "34608966"]
[BlackFideId "5078776"]
[EventDate "2024.07.14"]
[EventType "swiss"]

1. e4 c5 2. Nf3 Nc6 3. Bb5 g6 4. Bxc6 dxc6 5. O-O Bg7 6. d3 Qc7 7. h3 e5 8. Be3
b6 9. a4 a5 10. c3 Nf6 11. Qc2 Ba6 12. Rd1 O-O 13. Nbd2 Rfd8 14. Nf1 Rd7 15. Rd2
Rad8 16. Rad1 Nh5 17. N1h2 Nf4 18. Bxf4 exf4 19. d4 cxd4 20. cxd4 h5 21. e5 Rd5
22. Ng5 Bc8 23. Qe4 Bxe5 24. Qe1 Bxd4 25. Nhf3 Bf6 26. Ne4 Bxb2 27. Rxd5 cxd5
28. Qd2 Bg7 29. Neg5 d4 30. Rc1 Qd6 31. Ne4 Qe7 32. Qxf4 Bf5 33. Ned2 d3 34. Rc7
Qd6 35. Qc4 Be6 36. Qc1 Qf4 37. Rb7 Bd5 38. Rxb6 Bxf3 39. gxf3 Be5 40. Kf1 Qh2
41. Ke1 Bd4 42. Rxg6+ fxg6 43. Qc4+ Kh8 0-1

[Event "57th Biel Rapid Open"]
[Site "Biel SUI"]
[Date "2024.07.14"]
[Round "9.7"]
[White "Bilguun, Sumiya"]
[Black "Nurgaliyeva, Zarina"]
[Result "1-0"]
[WhiteTitle "GM"]
[BlackTitle "WFM"]
[WhiteElo "2458"]
[BlackElo "2135"]
[WhiteFideId "4901541"]
[BlackFideId "13730096"]
[EventDate "2024.07.14"]
[EventType "swiss"]

1. e4 e5 2. Nf3 Nc6 3. Bc4 Nf6 4. d3 Bc5 5. c3 d6 6. a4 a5 7. Bg5 h6 8. Bh4 g5
9. Bg3 Bg4 10. Nbd2 Qd7 11. Nf1 d5 12. Bb5 dxe4 13. Nxe5 Bxd1 14. Nxd7 Kxd7 15.
Rxd1 exd3 16. Rxd3+ Kc8 17. Rf3 Be7 18. Ne3 Rf8 19. Nf5 Bd8 20. Nxh6 Nh5 21.
Rxf7 Rh8 22. Nf5 Nxg3 23. fxg3 Ne5 24. Ne7+ Kb8 25. Rf5 Bxe7 26. Rxe5 Bf6 27.
Re6 Bd8 28. Kd1 c6 29. Bd3 Bc7 30. h4 Bxg3 31. h5 Kc7 32. h6 Rad8 33. Kc2 Rdf8
34. h7 Rf2+ 35. Re2 Rxe2+ 36. Bxe2 Kd6 37. Bd3 Ke5 38. Rh6 Kf4 39. Rf6+ Ke5 40.
Rf5+ Ke6 41. Rxg5 Be5 42. Rg8 Kf7 43. g4 b6 44. g5 Rxg8 45. Bc4+ 1-0

[Event "57th Biel Rapid Open"]
[Site "Biel SUI"]
[Date "2024.07.14"]
[Round "9.8"]
[White "Arcuti, Davide"]
[Black "Gaehwiler, Gabriel"]
[Result "1/2-1/2"]
[WhiteTitle "IM"]
[BlackTitle "IM"]
[WhiteElo "2398"]
[BlackElo "2398"]
[WhiteFideId "1323725"]
[BlackFideId "1314530"]
[EventDate "2024.07.14"]
[EventType "swiss"]

1. d4 Nf6 2. Nf3 a6 3. Bf4 d5 4. Nbd2 c5 5. c3 cxd4 6. cxd4 Nc6 7. e3 Bg4 8. Be2
Bxf3 9. Bxf3 e6 10. O-O Bd6 11. Bg3 Bxg3 12. hxg3 Ne7 13. Rc1 O-O 14. Qb3 Qd7
15. Qb6 Nc8 16. Qc7 Rd8 17. Nb3 Nd6 18. Qxd7 Rxd7 19. Rc2 Kf8 20. Nc5 Rdd8 21.
Rfc1 Ke7 22. Be2 Rac8 23. Kf1 Rc7 24. Na4 Rxc2 25. Rxc2 Rc8 26. Rxc8 Nxc8 27.
Bd3 1/2-1/2

[Event "57th Biel Rapid Open"]
[Site "Biel SUI"]
[Date "2024.07.14"]
[Round "9.9"]
[White "Ganguly, Surya Shekhar"]
[Black "Kersten, Uwe"]
[Result "1-0"]
[WhiteTitle "GM"]
[BlackTitle "IM"]
[WhiteElo "2592"]
[BlackElo "2186"]
[WhiteFideId "5002150"]
[BlackFideId "4615646"]
[EventDate "2024.07.14"]
[EventType "swiss"]

1. e4 c5 2. Nf3 d6 3. d4 Nf6 4. Nc3 cxd4 5. Nxd4 Nc6 6. Bg5 e6 7. Qd3 a6 8. Nxc6
bxc6 9. O-O-O e5 10. f4 h6 11. fxe5 hxg5 12. exf6 Qxf6 13. Be2 Qe5 14. Qc4 Qc5
15. Qxc5 dxc5 16. e5 Be6 17. Ne4 g4 18. Ng5 Bd5 19. Bxg4 Bxg2 20. Rhg1 Rxh2 21.
e6 Be7 22. exf7+ Kf8 23. Ne6+ Kxf7 24. Rd2 Bd5 25. Rxh2 Bxe6 26. Bxe6+ Kxe6 27.
Rxg7 1-0

[Event "57th Biel Rapid Open"]
[Site "Biel SUI"]
[Date "2024.07.14"]
[Round "9.10"]
[White "Sasikiran, Krishnan"]
[Black "Nasybullina, Alfia"]
[Result "1-0"]
[WhiteTitle "GM"]
[BlackTitle "WIM"]
[WhiteElo "2581"]
[BlackElo "1997"]
[WhiteFideId "5004985"]
[BlackFideId "4132416"]
[EventDate "2024.07.14"]
[EventType "swiss"]

1. d4 Nf6 2. c4 c5 3. d5 e6 4. Nc3 exd5 5. cxd5 d6 6. e4 g6 7. f4 Bg7 8. Bb5+
Nfd7 9. a4 O-O 10. Nf3 Nf6 11. O-O Bg4 12. h3 Bxf3 13. Qxf3 Nbd7 14. Be3 Qe7 15.
Rfe1 a6 16. Bd3 Ne8 17. Rad1 Nc7 18. e5 f5 19. Bf2 Kh8 20. Bc4 b5 21. axb5 Nxb5
22. Nxb5 axb5 23. Bxb5 Rab8 24. exd6 Qxd6 25. Re6 Qc7 26. Bxd7 Qxd7 27. Bxc5
Rfd8 28. b4 Qa4 29. d6 Qa2 30. Qd5 1-0